000
00310nam a2200145Ia 4500
100
_a
Smith/Heidi
942
_c
BK
366
_f
20
245
_a
How to pass numerical reasoning tests
260
_b
Kogan Page
_c
2008
082
_a
153.43
_b
SMI
300
_a
225
546
_a
ENGLISH
_c
Computers
999
_c
35415
_d
35415